| 000 | 00000nam##2200000za#4500 |
| 001 | 9.695215 |
| 003 | CaOODSP |
| 005 | 20240209132435 |
| 007 | cr ||||||||||| |
| 008 | 150407|2001||||xxc|||||o f|0| 0 eng|d |
| 040 | |aCaOODSP|beng |
| 043 | |an-cn--- |
| 086 | 1 |aC89-4/31-2001E-PDF |
| 110 | 2 |aAtlantic Canada Opportunities Agency. |
| 245 | 10|aBuilding a stronger economy together : |h[electronic resource]|ba profile of the Atlantic Canada Opportunities Agency |
| 260 | |aMoncton - New Brunswick : |bAtlantic Canada Opportunities Agency |c[2001]. |
| 300 | |a10p.|bphotographs |
| 500 | |aThe ISBN (0-662-65338-6) for the bilingual print edition has been incorrectly copied in this electronic publication. Incorrect catalogue number (C89-4/31-2001E) copied in this PDF edition. |
| 590 | |a11-29-Supp|b2011-11-25 |
| 690 | 07|aBusiness services|2gcpds |
| 690 | 07|aEconomic development|2gcpds |
| 690 | 07|aEntrepreneurship|2gcpds |
| 690 | 07|aSmall businesses|2gcpds |
| 775 | 08|tEnsemble, pour une économie plus forte : |w(CaOODSP)9.639361 |
| 776 | 0#|tBuilding a stronger economy together |w(CaOODSP)9.662313 |
| 776 | 0#|tEnsemble pour un économie plus forte |w(CaOODSP)9.662314 |
| 856 | 40|ahttp://publications.gc.ca|qPDF|s1.50 MB|uhttps://publications.gc.ca/collections/Collection/C89-4-31-2001E.pdf |